000 00812nam a2200265 a 4500
008
020 _a9780323523776 (hardback)
040 _aNUST
_cNUST
049 _aMAIN
090 _aRD118
_bCHA
100 1 _aChang, James.,
_aauthor.
245 1 0 _aGlobal reconstructive surgery/
_c James Chang.
260 _aEdinburgh :
_bElsevier,
_c2019.
300 _axvi, 414 pages :
_billustrations (chiefly colour) ;
_c29 cm.
336 _atext
_btxt
_2rdacontent
337 _aunmediated
_bn
_2rdamedia
338 _avolume
_bnc
_2rdacarrier
500 _aIncludes index.
504 _aIncludes bibliographical references.
650 1 _aSurgery, Plastic.
907 _a.b10403218
_b01-06-21
_c01-06-21
003
005 20230120204303.0
942 _cBOOKS
_kRD118
_mCHA
999 _c120491
_d120491